LEADER 03707 am 2200589 n 450 001 9910324037103321 005 20190308 010 $a2-8028-0424-3 024 7 $a10.4000/books.pusl.17268 035 $a(CKB)4100000008283892 035 $a(FrMaCLE)OB-pusl-17268 035 $a(oapen)https://directory.doabooks.org/handle/20.500.12854/46525 035 $a(PPN)236710931 035 $a(EXLCZ)994100000008283892 100 $a20190528j|||||||| ||| 0 101 0 $afre 135 $auu||||||m|||| 181 $ctxt$2rdacontent 182 $cc$2rdamedia 183 $acr$2rdacarrier 200 10$aEntre ville et nature, les sites semi-naturels /$fFrançois Ost, Jean Remy, Luc Van Campenhoudt 210 $aBruxelles $cPresses de l?Université Saint-Louis$d2019 215 $a1 online resource (299 p.) 311 $a2-8028-0090-6 330 $aOn connaissait déjà, de longue date, les parcs et les espaces verts : soigneusement aménagés et jalousement gardés, ils rompent la monotonie de l'espace bâti en y introduisant une image de nature « civilisée ». En revanche, on redécouvre seulement aujourd'hui, à la lisière de nos cités, les sites semi-naturels, qui, parce qu'ils ont été le plus souvent laissés à l'abandon, nous livrent quelque chose de la nature « naturelle ». Les biologistes ont mis en lumière la richesse de leur écosystème, la variété de leur faune et de leur flore. C'est cependant à une autre forme de « défense et d'illustration » que s'attache cet ouvrage. Au-delà de leur diversité biologique, il restait en effet à faire apparaître leur valeur sociale : une analyse sociologique approfondie s'y emploie qui met en lumière les multiples images que s'en font les habitants de la ville, ainsi que les divers usages qui s'y développent. Ressources biologiques uniques en milieu urbain, et enjeux d'usages tantôt complémentaires, tantôt opposés, les sites semi-naturels appellent une gestion démocratique et un traitement juridique protecteur. C'est à l'étude des virtualités des instruments juridiques disponibles que s'attache la seconde partie de l'ouvrage. Un cadre est ainsi dressé en vue d'assurer une protection réelle de ces espaces-lisières qui occupent d'ores et déjà une place de choix dans le patrimoine commun des citadins. Six sites bruxellois ont été choisis en raison de leur valeur illustrative : le Kauwberg, le Scheutbos, le Moeraske, le Neerpede, le Kattebroeck, ainsi que le plateau de la Foresterie. Ces deux études ont été menées à l'initiative du fonds de l'environnement de la fondation Roi Baudouin. 606 $aNatural areas$zBelgium 606 $aOpen spaces$zBelgium 610 $aécosystème 610 $aville 610 $aespace vert 610 $adiversité biologiste 610 $asite semi-naturel 615 0$aNatural areas 615 0$aOpen spaces 676 $a333.78/09493/32 700 $aGosseries$b Axel$0870859 701 $aOst$b François$0406728 701 $aRemy$b Jean$0342946 701 $aSadeleer$b Nicolas de$0500086 701 $aSambon$b Jacques$01233292 701 $aSchaut$b Christine$01282761 701 $aVan Campenhoudt$b Luc$01282762 701 $aOst$b François$0406728 701 $aRemy$b Jean$0342946 701 $aVan Campenhoudt$b Luc$0680735 712 02$aFaculte?s universitaires Saint-Louis.$bCentre d'e?tudes sociologiques. 712 02$aFaculte?s universitaires Saint-Louis.$bCentre d'e?tude du droit de l'environnement. 801 0$bFR-FrMaCLE 906 $aBOOK 912 $a9910324037103321 996 $aEntre ville et nature, les sites semi-naturels$93028781 997 $aUNINA LEADER 05241oam 22005893 450 001 9910583452903321 005 20240508200159.0 010 $a0-323-53172-5 035 $a(CKB)4100000007176490 035 $aon1076544294 035 $a(MiAaPQ)EBC5583992 035 $a(EXLCZ)994100000007176490 100 $a20210525d2018 uy 0 101 0 $aeng 135 $aurcnu|||||||| 181 $ctxt$2rdacontent 181 $csti$2rdacontent 182 $cc$2rdamedia 183 $acr$2rdacarrier 200 10$aChronic Kidney Disease, Dialysis, and Transplantation E-Book $eA Companion to Brenner and Rector's the Kidney 205 $a4th ed. 210 1$aPhiladelphia :$cElsevier,$d2018. 210 4$d©2019. 215 $a1 online resource (xii, 779 pages) $cillustrations, maps 311 08$a0-323-52978-X 320 $aIncludes bibliographical references and index. 327 $aSection 1: Chronic kidney disease. Chronic kidney disease: definitions, epidemiology, cost, and outcomes -- Measurement and estimation of kidney function -- Diabetic kidney disease -- Hypertensive kidney disease -- Chronic kidney disease in the elderly -- The pediatric patient with chronic kidney disease -- Genetic causes of chronic kidney disease -- Section 2: Complications and management of chronic kidney disease. The role of the chronic kidney disease clinic and multidisciplinary team care -- Anemia in chronic kidney disease -- Mineral bone disorders in chronic kidney disease -- Vitamin D disorders in chronic kidney disease -- Cardiovascular disease in chronic kidney disease -- Nutrition, metabolism and hormonal function in chronic kidney disease -- Inflammation in chronic kidney disease -- Sleep disorders in chronic kidney disease -- Depression and neurocognitive function in chronic kidney disease -- Medication management in chronic kidney disease -- The pathophysiology of uremia -- Timing and initiation and modality options for renal replacement therapy -- Ethical challenges and the role of palliative care in kidney disease -- Section 3: Dialysis. Dialysis and end stage kidney disease: epidemiology, cost, and outcomes -- Principles of hemodialysis -- Vascular access -- Hemodialysis adequacy -- Hemodialysis-associated infections -- Acute complications associated with hemodialysis -- Frequent hemodialysis: physiological, epidemiological, and practical aspects -- Home hemodialysis -- Peritoneal physiology -- The utilization and outcomes of peritoneal dialysis -- Peritoneal dialysis solutions, prescription and adequacy -- Peritoneal dialysis-related infections -- Noninfectious complications of peritoneal dialysis -- Section 4: Transplantation. Transplant epidemiology, costs and outcomes -- Transplantation immunobiology -- Evaluation of donors and recipients -- Surgical management of the renal transplant recipient -- Immunosuppresive therapy -- Diagnosis and therapy of graft dysfunction -- Infection in renal transplant recipients -- Noninfectious complications after kidney transplantation -- Recurrent and de novo renal diseases after kidney transplantation -- Pediatric renal transplantation -- Chronic kidney disease in the kidney transplant recipient -- Section 5: Acute kidney injury. Acute kidney injury: epidemiology, costs and outcomes -- Metabolic and nutritional complications of acute kidney injury -- Acute kidney injury diagnostics and biomarkers -- Pharmacological interventions in acute kidney injury -- Dialytic management for acute renal failure -- Extracorporeal treatment of poisonings. 330 $a"From basic science to practical clinical tools, Chronic Kidney Disease, Dialysis, and Transplantation, 4th Edition provides you with the up-to-date, authoritative guidance you need to safely and effectively manage patients with chronic renal disease. Covering all relevant clinical management issues, this companion volume to Brenner and Rector's The Kidney presents the knowledge and expertise of renowned researchers and clinicians in the fields of hemodialysis, peritoneal dialysis, critical care nephrology, and transplantation - for an all-in-one, indispensable guide to every aspect of this fast-changing field"--Publisher's description. 606 $aHemodialysis 606 $aKidneys$xTransplantation 606 $aRenal Insufficiency, Chronic$xtherapy$3(DNLM)D051436Q000628 606 $aRenal Insufficiency, Chronic$xcomplications$3(DNLM)D051436Q000150 606 $aKidney Failure, Chronic$xtherapy$3(DNLM)D007676Q000628 606 $aRenal Dialysis$3(DNLM)D006435 606 $aKidney Transplantation$3(DNLM)D016030 615 0$aHemodialysis. 615 0$aKidneys$xTransplantation. 615 12$aRenal Insufficiency, Chronic$xtherapy. 615 12$aRenal Insufficiency, Chronic$xcomplications. 615 22$aKidney Failure, Chronic$xtherapy. 615 22$aRenal Dialysis. 615 22$aKidney Transplantation. 676 $a616.6/1 700 $aHimmelfarb$b Jonathan$01820146 701 $aIkizler$b T. Alp$01820147 801 0$bMiAaPQ 801 1$bMiAaPQ 801 2$bMiAaPQ 906 $aBOOK 912 $a9910583452903321 996 $aChronic Kidney Disease, Dialysis, and Transplantation E-Book$94381903 997 $aUNINA